000 00612nam a2200193Ia 4500
003 GCL
008 140319s9999 xx 000 0 ara d
020 _a3536081977
040 _aGCL /
_cGCL
082 0 4 _a814
_bي ط
100 1 _aيوسف معاطى
245 1 0 _aطقت فى دماغى /
_cيوسف معاطى
260 _aالقاهرة :
_bأطلس للنشر والانتاج الاعلامى ،
_c2004
300 _a240 ص ؛
_c19 سم
650 0 4 _aالادب العربى
650 0 4 _aالمقالات العربية
650 0 4 _aالادب العربى الهزلى - مصر
942 _2ddc
_cBK
999 _c9340
_d9340